000 00649nam a22001577a 4500
003 OSt
005 20161031094336.0
008 161031b xxu||||| |||| 00| 0 eng d
040 _cRUA
082 _aAGI CHH 2012 B527 Or.1
100 _911001
_aCHHUN SENGHAK: ឈុន សេងហាក់
245 _aDetection of coliform and escherichia coli in ready-to-eat khmer noodle in phnom penh; ការវិភាគរក Coliform និង Escherichia coli នៅក្នុងនំបញ្ចុក នៅរាជធានីភ្នំពេញ
260 _aPhnom Penh
_bCHH
_c2015
300 _aviii:37p.
_bill.
_c29cm.
942 _2ddc
_cAGI
999 _c10583
_d10583